000 00806nam a2200217Ii 4500
003 JO-AjNU
008 230605s9999||||xx |||||||||||||| ||und||
017 _a2012/6/2305
020 _a978-9957-8551-1-9-2
040 _aJO-AjNU
_bara
_erda
_cJO-AjNU
041 _aara
050 1 4 _aZ3471.J67 2012
100 3 _aد.م,
_eauthor
_945330
245 0 0 _aالببلوغرافيا الوطنية الاردنية :السجل السنوي للنتاج الفكري في المملكةالاردنية الهاشمية 2011
264 3 1 _aعمان :دائرة المكتبة الوطنية ،2012
300 _a470ص
336 _atext
_btxt
_2rdacontent
337 _aunmediated
_bn
_2rdamedia
338 _avolume
_bnc
_2rdacarrier
650 4 _aالببلوغرافيات الوطنية-الاردن
_945331
999 _aA19641
_c23209
_d23209